ESSENTIALS OF OBESTETRICS (Record no. 21940)

MARC details
000 -LEADER
fixed length control field 00347nam a22001577a 4500
003 - CONTROL NUMBER IDENTIFIER
control field SGT
020 ## - INTERNATIONAL STANDARD BOOK NUMBER
International Standard Book Number 9789389859782
082 ## - DEWEY DECIMAL CLASSIFICATION NUMBER
Classification number 618.1
Item number E21S
100 ## - MAIN ENTRY--PERSONAL NAME
Personal name SESHADRI, LAKSHMI
245 ## - TITLE STATEMENT
Title ESSENTIALS OF OBESTETRICS
250 ## - EDITION STATEMENT
Edition statement 2ND
260 ## - PUBLICATION, DISTRIBUTION, ETC. (IMPRINT)
Place of publication, distribution, etc INDIA
Name of publisher, distributor, etc WOLTERS KUWER PUB
Year of Publication 2021
300 ## - PAGE DESCRIPTION
No. of Pages 836
650 ## - SUBJECT ADDED ENTRY--TOPICAL TERM
Topical term or geographic name as entry element OBSTETRICS
942 ## - ADDED ENTRY ELEMENTS (KOHA)
Source of classification or shelving scheme Dewey Decimal Classification
Koha item type Books
942 ## - ADDED ENTRY ELEMENTS (KOHA)
-- 6
Holdings
Withdrawn status Lost status Source of classification or shelving scheme Damaged status Not for loan Collection code Home library Current library Shelving location Date acquired Vendor Name Cost, normal purchase price SGTU Bill Number Total Checkouts Full call number Accession No. (Barcode) Date last seen Bill Date Koha item type Date last borrowed
    Dewey Decimal Classification     NURSING SGT Medical Library SGT Medical Library Text Book 12/10/2021 ABC DELHI 1299.00 SGTU 13309   618.1 E21S FN4476 12/10/2021   Books  
    Dewey Decimal Classification     NURSING SGT Medical Library SGT Medical Library Text Book 12/10/2021 ABC DELHI 1299.00 SGTU 13309 1 618.1 E21S FN4477 13/09/2023   Books 31/08/2023
    Dewey Decimal Classification     NURSING SGT Medical Library SGT Medical Library Text Book 12/10/2021 ABC DELHI 1299.00 SGTU 13309 3 618.1 E21S FN4478 11/11/2023   Books 01/11/2023
    Dewey Decimal Classification     NURSING SGT Medical Library SGT Medical Library Text Book 12/10/2021 ABC DELHI 1299.00 SGTU 13309 2 618.1 E21S FN4479 12/03/2026   Books 25/02/2026
    Dewey Decimal Classification     NURSING SGT Medical Library SGT Medical Library Text Book 12/10/2021 ABC DELHI 1299.00 SGTU 13309 1 618.1 E21S FN4480 08/06/2023   Books 07/06/2023